Rubin Wissenschaftsmagazin

Saved in:
Bibliographic Details
Format: Serial
Language:German
Published: Bochum Ruhr-Universität Bochum
Subjects:
Tags: Add Tag
No Tags, Be the first to tag this record!

MARC

LEADER 00000nas1a2200000$$$4500
001 0028056
005 20250717105138.7
022 |a 0942-6639 
041 0 |a ger 
044 |a DE 
245 1 0 |a Rubin  |b Wissenschaftsmagazin 
264 1 |a Bochum  |b Ruhr-Universität Bochum 
610 2 0 |a Nemecko 
610 2 0 |a univerzity